000 00721cab a22001935a 4500
001 L145477
008 081014e20081010xxkad f s 000 0 eng d
035 _a(Sirsi) u145477
041 0 _aeng
100 1 _aCook, Lucian
245 0 0 _aPrime for a tumble
260 _c2008
490 0 _aProperty Week
_v73(41) 10 October 2008, 40(1)
520 _aReports on how job and wage cuts in the City Of London are pushing prime values of residential property prices down even further. Finds that in the rental markets east of the City, rents are 4.6% lower than the same last time last year. Tables.
590 _aKA
651 4 _aLondon
690 _aPROPERTY-RESIDENTIAL PROPERTY-RESIDENTIAL PROPERTY MARKET
942 _n0
999 _c80827
_d80827